Migliore società AIC - Statistics

Statistiche generali
  • Questo quiz è stato fatto 18 volte
  • Il punteggio medio è 13 su 13
Statistiche sulle risposte
Edizione Squadra % Corretto
2021 Inter
100%
2012 Juventus
100%
2013 Juventus
100%
2014 Juventus
100%
2015 Juventus
100%
2016 Juventus
100%
2017 Juventus
100%
2018 Juventus
100%
2022 Milan
100%
2023 Napoli
100%
2019 Atalanta
94%
2020 Atalanta
94%
2011 Udinese
63%
Nessun quiz corrispondente trovato
Distribuzione punteggi
Percentuale di utenti per punteggio
Percentile per numero di risposta
I tuoi punteggi nel tempo
Non hai fatto questo quiz